[Event "London Golders Green op U1900 4th"]
[Site "London"]
[Date "2014.08.23"]
[Round "1"]
[White "Majumdar, Rohit"]
[Black "Kazmierczak, Amadeusz"]
[Result "0-1"]
[WhiteElo "1660"]
[BlackElo "1826"]
[PlyCount "72"]
[EventDate "2014.08.23"]
[EventType "swiss"]
[EventRounds "6"]
[EventCountry "ENG"]
[SourceTitle "EXT 2018"]
[Source "ChessBase"]
[SourceDate "2017.10.13"]
[SourceVersion "1"]
[SourceVersionDate "2017.10.13"]
[SourceQuality "1"]

1. e4 e6 2. Nf3 d5 3. exd5 exd5 4. d4 Bd6 5. Qe2+ Qe7 6. Bg5 f6 7. Bd2 Bg4 8. Qxe7+ Nxe7 9. Be2 0-0 10. 0-0 Re8 11. Re1 Nbc6 12. c3 Ng6 13. h3 Bd7 14. Kf1 Re7 15. Bd3 Rxe1+ 16. Kxe1 Re8+ 17. Kf1 Nce7 18. c4 Bc6 19. c5 Bf4 20. g3 Bxd2 21. Nbxd2 Bd7 22. Kg2 Nc6 23. Nb3 Nb4 24. Bxg6 hxg6 25. a3 Nd3 26. Rb1 Re2 27. Kg1 Bxh3 28. Nc1 Nxc1 29. Rxc1 Rxb2 30. c6 b6 31. Rc3 Bf5 32. Nh4 Rc2 33. Rf3 Be4 34. Re3 Rc1+ 35. Re1 Rxe1+ 36. Kh2 Rh1# 0-1